000 00520nam a22001937a 4500
999 _c7752
_d7752
003 OSt
005 20220301110814.0
008 220301b ||||| |||| 00| 0 eng d
020 _a9781412903097
040 _cDDC
082 _a303.6 JEO 2008
100 _aJeong, Ho-won
_915807
245 _aUnderstanding conflict and conflict analysis
260 _aNew Delhi
_b: Sage publication
_c, 2008
300 _aix, 264p.
_c; 24 cm
504 _aReferences Index
650 _aConflict analysis
_915808
942 _2ddc
_cBOOK